00182nam a2200073Ia 4500082001300000245001000013100004400023008004100067 aAKF ZOND 0aVuur  a Zondi, N elly Phewa Centurion, 2008 210817s9999 xx 000 0 und d